000 nam a22 i 4500
999 _c24136
_d24136
003 WA 310
005 20211117140236.0
007 cr an nnnanaaa
008 180618s2018 pl a fou |000 0 eng d
020 _a9788327591692
040 _aWA 310/bw
_bpol
_erda
_cWA 310/bw
041 0 _aeng
245 0 0 _aPomieszczenia i urządzenia do przechowywania wartości - Wymagania, klasyfikacja i metody badań odporności na włamanie - Pojemniki bezpieczne i szafy =
_bSecure storage units - Requirements, classification and methods of test for resistance to burglary - Secure safe cabinets PN-EN 14450:2018-02E /
_cPolski Komitet Normalizacyjny.
246 1 3 _aPN-EN 14450
246 1 3 _aICS 13.310
246 3 1 _aSecure storage units - Requirements, classification and methods of test for resistance to burglary - Secure safe cabinets
260 _aWarszawa :
_bPolski Komitet Normalizacyjny,
_ccopyright 2018.
300 _a19 stron :
_bilustracje ;
_c30 cm.
336 _aTekst
_btxt
_2rdacontent
337 _aKomputer
_bc
_2rdamedia
338 _aDokument online
_bcr
_2rdacarrier
500 _aTytuł z ekranu tytułowego.
500 _aWprowadza EN 14450:2017, IDT ; Zastępuje PN-EN 14450:2006 ; Zatwierdzona 23 lutedo 2017 r.
500 _aNorma Europejska EN 14450:2017 [...] ma status Polskiej Normy.
504 _aBibliografia na stronie 17.
530 _aDostępne wyłącznie w formie elektronicznej.
538 _aTryb dostępu: online.
546 _aTekst w języku angielskim, strona tytułowa w języku polskim.
590 _6Status: aktualna.
710 1 _aPolska.
_bPolski Komitet Normalizacyjny.
_eInstytucja sprawcza
_eWydawca
_4pbl
_91107
920 _a978-83-275-9169-2
942 _2ddc
_cBK